Hotel Centrum načas zatvorili. Šnír mu už nešéfuje zmena prevádzkovateľa

Podrobná bibliografia
Hlavný autor: Poleková, Elena (Autor)
Médium: Článok
Jazyk:slovenčina
Fyzický popis:Fotogr.
ISSN:1335-4566
Predmet:

MARC

LEADER 00000nab a2200000 a 4500
001 vtls010341222
003 SK-MaSNL
005 20260303093501.0
008 120210c20120206xo drz 0 0slo
038 |a KEVKJB 
040 |a KEVKJB  |b slo  |c KEVKJB  |e AACR2 
041 0 |a slo 
044 |a xo  |c SK 
080 |a 640.412  |2 2001 
100 1 |a Poleková, Elena  |4 aut  |9 1019850 
245 1 0 |a Hotel Centrum načas zatvorili. Šnír mu už nešéfuje  |b zmena prevádzkovateľa  |c Elena Poleková 
300 |b Fotogr. 
610 2 7 |a Hotel Centrum (Košice, Slovensko)  |2 kevkjb  |9 1020215 
650 0 7 |a hotely  |z Košice (Slovensko)  |2 kevkjb  |9 1042779 
651 7 |a Košice (Slovensko)  |2 kevkjb  |9 18694 
773 0 |t Košický Korzár  |g Roč. XV., č. 30 (6.2.2012), s. 2  |x 1335-4566 
852 |a KEVKJB  |b KIS3GCP 
999 |c 1815804  |d 1817734